000 00743nas a2200241 4500
001 BR7600509
003 BR-BrBNA
005 20231205082902.0
007 ta
008 230509b bl.|||p| |||| 00| 00por d
040 _aBR-BrBNA
_bpor
_cBiblioteca Nacional de Agricultura
041 _a(Pt)
072 _aF10
100 1 _aAnon.
245 1 _aResumo dos dados meteorologicos de Santa Maria (Rio Grande do Sul). 1. semestre de 1973 [Brasil]
650 _aMETODO
650 _aCLIMATOLOGIA
650 _aSANTA MARIA
650 _aRIO GRANDE DO SUL
773 0 _tRevista do Centro de Ciencias Rurais (Brazil)
_xISSN 0085-5901
_g(Mar 1975), v. 5(1) p. 51-66
_wBR7600509
909 _a202311
_bLúcia
_c55
_dLúcia Elande
942 _2AGRIS
_n0
_cANA
999 _c94854
_d94854